[Event "Bagneux op U16"]
[Site "Bagneux "]
[Date "2002.07.01"]
[Round "2"]
[White "Cottonet, Charles"]
[Black "Goudriaan, Etienne"]
[Result "1/2-1/2"]
[WhiteElo "1470"]
[BlackElo "1726"]
[PlyCount "116"]
[EventDate "2002.??.??"]
[EventType "swiss"]
[EventRounds "9"]
[EventCountry "FRA"]
[SourceTitle "EXT 2003"]
[Source "ChessBase"]
[SourceDate "2002.11.25"]
[SourceVersion "1"]
[SourceVersionDate "2002.11.25"]
[SourceQuality "1"]

1. d4 d6 2. c4 g6 3. e4 Bg7 4. Nf3 Bg4 5. Be2 Nc6 6. Nc3 Nf6 7. Bf4 Bxf3 8. Bxf3 e5 9. dxe5 dxe5 10. Qxd8+ Rxd8 11. Bg5 0-0 12. 0-0 Nd4 13. Bg4 Nxg4 14. Bxd8 Rxd8 15. Nd5 c6 16. Ne3 Nxe3 17. fxe3 Ne6 18. Rad1 Rxd1 19. Rxd1 Bh6 20. Kf2 Kf8 21. Rd7 Nc5 22. Rd8+ Ke7 23. Ra8 Nxe4+ 24. Kf3 Nd2+ 25. Ke2 Nxc4 26. Rxa7 Nd6 27. a4 Kd7 28. Ra8 Bg5 29. Kf3 Ke6 30. e4 f5 31. exf5+ Kxf5 32. g4+ Ke6 33. Kg3 e4 34. Ra5 e3 35. Kf3 Ne4 36. h4 Bxh4 37. Kxe3 Nd6 38. Kf4 Bd8 39. Re5+ Kd7 40. Re1 Ba5 41. Rh1 h6 42. Ke5 h5 43. gxh5 gxh5 44. Rxh5 Bd8 45. Rh1 Nc4+ 46. Kf5 Nxb2 47. Rb1 Nxa4 48. Rxb7+ Bc7 49. Rb4 Nb6 50. Ke4 c5 51. Rb1 Kc6 52. Rc1 Na4 53. Kd3 Nb2+ 54. Kc3 Be5+ 55. Kb3 Nd3 56. Rd1 Nb2 57. Rc1 Kb5 58. Rxc5+ Kxc5 1/2-1/2